Caracas y la poesía / (Registro nro. 19360)
[ vista simple ]
| 000 -CABECERA | |
|---|---|
| campo de control de longitud fija | 00765cam a22002291 4500 |
| 001 - NÚMERO DE CONTROL | |
| campo de control | 000019847 |
| 005 - FECHA Y HORA DE LA ÚLTIMA TRANSACCIÓN | |
| campo de control | 20200929170149.0 |
| 008 - DATOS DE LONGITUD FIJA--INFORMACIÓN GENERAL | |
| campo de control de longitud fija | 770527s1966 ve b 001 0dspa |
| 040 ## - FUENTE DE LA CATALOGACIÓN | |
| Centro catalogador/agencia de origen | DO-SdBNP |
| Centro/agencia transcriptor | FMFIU |
| Centro/agencia modificador | DLC |
| -- | BNPHU |
| 050 00 - SIGNATURA TOPOGRÁFICA DE LA BIBLIOTECA DEL CONGRESO | |
| Número de clasificación | PQ8544 |
| Número de documento/Ítem | .P32 |
| 082 ## - NÚMERO DE LA CLASIFICACIÓN DECIMAL DEWEY | |
| Número de clasificación | xxx |
| Número de documento/Ítem | C257 |
| 049 ## - FONDOS LOCALES (OCLC) | |
| Fondos de biblioteca | BNGR |
| 245 10 - MENCIÓN DE TÍTULO | |
| Título | Caracas y la poesía / |
| Mención de responsabilidad, etc. | Luis Pastori. |
| 260 ## - PUBLICACIÓN, DISTRIBUCIÓN, ETC. | |
| Lugar de publicación, distribución, etc. | Caracas : |
| Nombre del editor, distribuidor, etc. | Comision Nacional del Cuatricentenario de Caracas, |
| Fecha de publicación, distribución, etc. | 1966. |
| 300 ## - DESCRIPCIÓN FÍSICA | |
| Extensión | 244 p. ; |
| Dimensiones | 23 cm. |
| 490 1# - MENCIÓN DE SERIE | |
| Mención de serie | Comite de Obras Culturales |
| 500 ## - NOTA GENERAL | |
| Nota general | Ediciones del cuatricentenario de Caracas |
| 651 #0 - PUNTO DE ACCESO ADICIONAL DE MATERIA--NOMBRE GEOGRÁFICO | |
| Nombre geográfico | Caracas (Venezuela{Rpara} |
| Subdivisión general | Description And Travel |
| Subdivisión de forma | Poetry. |
| 9 (RLIN) | 42357 |
| 700 1# - PUNTO DE ACCESO ADICIONAL--NOMBRE DE PERSONA | |
| Nombre de persona | Pastori, Luis, |
| 9 (RLIN) | 4507 |
| 830 #0 - PUNTO DE ACCESO ADICIONAL DE SERIE-TÍTULO UNIFORME | |
| Título uniforme | Comite de Obras Culturales |
| 9 (RLIN) | 42358 |
| 910 ## - DATOS DE OPCIÓN DEL USUARIO (OCLC) | |
| Datos de opción del usuario | Catalogación derivada / LC |
| Estado de retiro | Estado de pérdida | Restricciones de uso | No para préstamo | Código de colección | Localización permanente | Ubicación/localización actual | Ubicación en estantería | Fecha de adquisición | Número de inventario | Total de préstamos | Signatura topográfica completa | Código de barras | Fecha visto por última vez | Precio válido a partir de | Tipo de ítem Koha |
|---|---|---|---|---|---|---|---|---|---|---|---|---|---|---|---|
| Excluido de préstamo | Monografías: Libros y Folletos | General | General | En catalogación | 07.07.2010 | LF1 | xxx C257 | 19847-10 | 25.06.2020 | 25.06.2020 | No se presta |
